000 00204 a2200097 4500
001 9388
100 _aTillett, J
245 _aPractical comprehension.
260 _a
_bHutchinson
_c
090 _c7548
_d7548
942 _aNUST-CAE
_cM
_c34209
999 _c244461
_d244461